000
00258nam a22001097a 4500
082
_a
808.3 STO'B
100
_a
BARROWS, MARJORIS
_9
57926
245
_a
STORIES OF TODAY THE CHILDREN'S HOUR
260
_a
CHICAGO
_b
SPENCER
_c
1953
300
_a
369P
942
_c
BK
999
_c
568166
_d
568166